00830nam a2200253 a 4500001001300000003000900013005001700022008004100039020001000080082001500090100002200105245007700127260003700204300000900241500003500250505001500285650003400300700002200334902000800356942000700364952009500371952009500466999001500561nice12345678IN_TiNIC20260116011534.0050524s1943 lona grp 000 0 eng  ac10000a235.2bSAC aSackville, West A aEagle and the Doveb Study in Contrasts: St.Teresa of Avila St.T.Of Lisi aLondonbMicheal Joseph Ltdc1943 a182p aincludes index and biblioraphy2 aIndex, Ill aSaints-Christianity-St.Teresa1 aSackville, West A bSRS cBK 00104070aHMIbHMId2016-03-22g100.00l0o235.2 SACp3959r0000-00-00w2026-01-16yARB 00104070aHMIbHMId2016-03-22g100.00l0o235.2 SACp8105r0000-00-00w2026-01-16yARB c2438d2438